| 000 | 00508nam a2200145Ia 4500 | ||
|---|---|---|---|
| 008 | 100122s9999 xx 000 0 und d | ||
| 082 |
_b22200 _a613 |
||
| 100 | _aकडेगावकर वासुदेवशास्त्री | ||
| 245 | _aस्वस्थवृत्त | ||
| 260 |
_bवासुदेवशास्त्री कडेगावकर _c1927 |
||
| 300 | _a360 | ||
| 630 | _aस्वस्थवृत्त | ||
| 730 | _aस्वस्थवृत्त | ||
| 942 | _cBOOK | ||
| 999 |
_c410100 _d410097 |
||